000 00827nam a22001817a 4500
003 UA-OsUOA
001 17575
007 ta
008 20040316b un ||||| |||| 00| 0 ukr d
100 _aКорольчук В.
942 _cSA
040 _aUA-OsUOA
_cUA-OsUOA
_dUA-OsUOA
245 _a"Інтелком" - виробник надійних цифрових комутаційних систем
_b[Розмова з дир. ТзОВ "Інтелком"про основні напрямки діяльності п-ва , який розробляє, виготовляє і встановлює цифрові автомат. телефон. станції]/О.Дубовик
300 _aС.7
955 _a0
773 0 _w0
_tІмідж
_dРівне
_d2004
_g№3/Лют./
650 7 _aЗв'язок
_2UDC
999 _c303743
_d303743